000 00556nam a2200193 a 4500
001 1769935627262
003 YourLibrary
005 20260201143128.0
008 260201s1997##################000#0#eng##
020 _a9780792398653
082 0 4 _a332.1097
_bVON
100 1 _aFurstenberg, George M. von,
_eauthor.
245 1 0 _aThe Banking and Financial Structure in the Nafta Countries and Chile :
260 _bSpringer,
_c1997.
300 _a296 pages
650 0 _aBusiness & Economics.
942 _cENGLISH
040 _aYourLibrary
_beng
_cYourLibrary
999 _c609657
_d609657